MARC

Tag First Indicator Second Indicator Subfields
LEADER 00000cam a22000007a 4500
001 in00000068890
005 20230929094925.0
008 901203s1954 fr 000 0 fre
010 |a  90872740  
019 |a 2528951 
029 1 |a ZWZ  |b 021816794 
035 |a (OCoLC)ocm22861428  
035 |a (OCoLC)22861428  |z (OCoLC)2528951 
035 |a (OCoLC)ocm22861428  
040 |a DLC  |b eng  |c DLC  |d EEM  |d OCL  |d OCLCQ  |d ZWZ  |d OCLCQ  |d OCLCF  |d OCLCQ  |d OCLCO  |d OCL  |d OCLCO  |d OCLCQ  |d OCLCO 
050 4 |a KF0  |b .C6455 1953 
245 0 2 |a L'Unification interne du droit privé :  |b Paris, 6-10 octobre 1953. 
260 |a Paris :  |b Service des publication[s] du Centre national de la recherche scientifique,  |c 1954. 
300 |a 138 pages ;  |c 25 cm. 
336 |a text  |b txt  |2 rdacontent 
337 |a unmediated  |b n  |2 rdamedia 
338 |a volume  |b nc  |2 rdacarrier 
490 1 |a Colloques internationaux du Centre national de la recherche scientifique. Sciences humaines ;  |v 6 
500 |a "Le cinquième Colloque international de sciences humaines organisé par le Centre national de la recherche scientifique s'est tenu à la Faculté de droit de l'Université de Paris du 6 au 10 octobre 1953"--Page [9]. 
650 0 |a Civil law  |x International unification  |v Congresses. 
650 0 |a Commercial law  |v Congresses. 
650 6 |a Droit civil  |x Unification internationale  |v Congrès. 
650 7 |a Civil law  |x International unification.  |2 fast  |0 (OCoLC)fst00862557 
650 7 |a Commercial law.  |2 fast  |0 (OCoLC)fst00869502 
655 7 |a Conference papers and proceedings.  |2 fast  |0 (OCoLC)fst01423772 
711 2 |a Colloque international de sciences humaines  |n (5th :  |d 1953 :  |c Faculté de droit de l'Université de Paris) 
830 0 |a Colloques internationaux du Centre national de la recherche scientifique.  |p Sciences humaines ;  |v 6. 
948 |h HELD BY TXA - 30 OTHER HOLDINGS 
994 |a Z0  |b TXA 
999 f f |s 1c181e1d-f84f-36eb-909c-6b0599a2a693  |i dfe9483a-ef6e-3773-ae55-38a96fdd79a8  |t 0 
952 f f |p ric  |a Texas A&M University  |b Rellis Campus  |c Joint Library Facility  |d Remote Storage  |t 0  |e KF1004.6 .C64 1953  |h Library of Congress classification  |i unmediated -- volume  |m A14800780461 
998 f f |a KF1004.6 .C64 1953  |t 0  |l Remote Storage